000 00397nam a22001697a 4500
003 MPLRDC
005 20220104144056.0
008 210129b ||||| |||| 00| 0 eng d
082 _a811.7 WRS
100 _a胡润生编著
245 _a对英文翻译公式之研究
_c
250 _a初版
260 _a
_b宏信出版社
_c
300 _b
650 _a翻译
942 _cBK
_o811.7 WRS
999 _c46131
_d46121